书目信息 |
| 题名: |
增材制造技术
|
|
| 作者: | 马士伟 , 方春慧 , 宋晴 主编 | |
| 分册: | ||
| 出版信息: | 北京 北京理工大学出版社 2024.07 |
|
| 页数: | 266页 | |
| 开本: | 26cm | |
| 丛书名: | ||
| 单 册: | ||
| 中图分类: | TB4 | |
| 科图分类: | ||
| 主题词: | 快速成型技术--kuai su cheng xing ji shu | |
| 电子资源: | ||
| ISBN: | 978-7-5763-4377-9 | |
| 000 | 01122nam0 2200277 450 | |
| 001 | 97645 | |
| 005 | 20250919191536.18 | |
| 010 | @a978-7-5763-4377-9@dCNY86.00 | |
| 100 | @a20240907d2024 em y0chiy50 ea | |
| 101 | 0 | @achi |
| 102 | @aCN@b110000 | |
| 105 | @aak a 000yy | |
| 106 | @ar | |
| 106 | @ar | |
| 200 | 1 | @a增材制造技术@Azeng cai zhi zao ji shu@f主编马士伟, 方春慧, 宋晴 |
| 210 | @a北京@c北京理工大学出版社@d2024.07 | |
| 215 | @a266页@c图@d26cm | |
| 320 | @a有书目 (第265-366页) | |
| 330 | @a本书分为理论篇、实践篇, 理论篇分为五个学习情境, 包括增材制造技术概论、发展及领域, 增材制造技术典型加工工艺, 增材制造常用材料, 增材制造常用设备, 增材产品模型设计 ; 实践篇分为三个项目, 包括基于中望3D软件的学校校徽设计与FDM打印实施、基于UGNX软件的有支撑体装配类产品的设计与SLA打印实施、基于SolidWorks软件的有支撑体装配类产品的设计与SLM打印实施。 | |
| 606 | 0 | @a快速成型技术@Akuai su cheng xing ji shu |
| 690 | @aTB4@v5 | |
| 701 | 0 | @a马士伟@Ama shi wei@4主编 |
| 701 | 0 | @a方春慧@Afang chun hui@4主编 |
| 701 | 0 | @a宋晴@Asong qing@4主编 |
| 801 | 0 | @aCN@c20250909 |
| 905 | @a河南城建学院图书馆@dTB4@eM161@f1 | |
| 增材制造技术/主编马士伟, 方春慧, 宋晴.-北京:北京理工大学出版社,2024.07 |
| 266页:图;26cm |
| ISBN 978-7-5763-4377-9:CNY86.00 |
| 本书分为理论篇、实践篇, 理论篇分为五个学习情境, 包括增材制造技术概论、发展及领域, 增材制造技术典型加工工艺, 增材制造常用材料, 增材制造常用设备, 增材产品模型设计 ; 实践篇分为三个项目, 包括基于中望3D软件的学校校徽设计与FDM打印实施、基于UGNX软件的有支撑体装配类产品的设计与SLA打印实施、基于SolidWorks软件的有支撑体装配类产品的设计与SLM打印实施。 |
| ● |
| 相关链接 |
|
|
|
正题名:增材制造技术
索取号:TB4/M161
 
预约/预借
| 序号 | 登录号 | 条形码 | 馆藏地/架位号 | 状态 | 备注 |
| 1 | 1638691 | 216386916 | 自科库501/501自科库 14排4列4层/ [索取号:TB4/M161] | 在馆 |